000 00480nam a22001697a 4500
999 _c18905
_d18905
008 190228b xxu||||| |||| 00| 0 eng d
020 _a1108436823
050 _aHG173
_b.B76 2019 c.1
100 _aBrooks, Chris
245 _aIntroductory econometrics for finance
_cChris Brooks
250 _a4th ed.
260 _aNew York
_bCambridge University Press
_c2019
300 _axxxi, 696p.
650 _aFinance
_veconometric models
650 _aeconometrics
942 _2lcc
_cBK